Výstava maliara Križana v Bratislave predĺžená

Krátka správa o predĺžení výstavy v Bratislave do 11.6.1934 [pôvodne do 5.6.]

Bibliographic Details
Format: Article
Language:Slovak
Subjects:

MARC

LEADER 00000nab a22000001a 4500
001 vtls009288189
003 SK-MaSNL
005 20260304005751.0
008 080422d19340610xo |r|p|||| |000 b|slo
015 |a SNBRRBVU1918-1938 
038 |a SNKBUCL 
038 |a SNKBUVU 
040 |a SNKBUVU  |b slo  |c SNKBUCL  |e AACR2 
041 0 |a slo 
044 |a xo  |c SK 
080 |a 75.071.1  |2 1997 
080 |a 061.4  |2 1997 
245 0 0 |a Výstava maliara Križana v Bratislave predĺžená 
500 |a V rubrike Literatúra, divadlo - umenie 
520 |a Krátka správa o predĺžení výstavy v Bratislave do 11.6.1934 [pôvodne do 5.6.] 
600 1 7 |a Križan, Ľudovít,  |d 1900-1979  |2 MM  |9 113488 
648 7 |a 1934  |2 snkbucl  |9 281683 
648 7 |a 27.5.-11.6.1934  |2 MM  |9 1285062 
650 0 7 |a slovenské maliarstvo  |2 MM  |9 3124 
650 0 7 |a výstavy  |2 snkbucl  |9 2780 
651 7 |a Bratislava (Slovensko)  |2 MM 
773 0 |t Slovenská politika  |g Roč. 15, č. 131 (10.6.1934), s. 3 
852 |a SNK  |b KIS3GCP 
910 |a snkrbvumm 
958 |a VY 
999 |c 2557504  |d 2559434